000
00225nam a22000857a 4500
008
170616b xxu||||| |||| 00| 0 eng d
100
_9
3432
_a
Neelakandan. M
245
_a
English first work book - 6
260
_a
New Delhi
_b
V. E
_c
2009
999
_c
6803
_d
6803